000 00449nam a2200145Ia 4500
005 20250624022334.0
008 240331s9999 xx 000 0 und d
082 _bSAN
_a331
245 0 _aSancharaka viyaparaya ka sandahada
260 _aColombo
_bWomen and development research project
_c1982
300 _a144 p .,
500 _aA book on employment for women in the white gum industry in Sri Lanka
700 _aSamarasooriya,S.
_eedt
942 _cL
999 _c5267
_d5267